| 000 | 00538nam a2200169 i 4500 | ||
|---|---|---|---|
| 001 | 37605 | ||
| 003 | ES-MaACL | ||
| 005 | 20230906155617.0 | ||
| 007 | t| | ||
| 008 | 030221s1921 xr ||||1| fre d | ||
| 100 | 1 |
_aButter, O. _932963 |
|
| 245 | 1 | 3 |
_aLa Republique Tchecoslovaque _b: aperçu de la vie intellectuelle, politique, economique et sociale / _credigé sous la direction de O. Butter et B. Ruml. |
| 260 |
_aPrague : _bOrbis, _c1921. |
||
| 300 |
_a101 p. ; _c17 cm. |
||
| 700 | 1 |
_aRuml, B. _9100993 |
|
| 852 |
_aES-MaACL _jF-3415 |
||
| 999 |
_c37605 _d37605 |
||